Cultural strategies of agenda denial : (Record no. 56455)

MARC details
000 -LEADER
campo de control de longitud fija 01446nam a2200193 4500
001 - NÚMERO DE CONTROL
campo de control 1480
005 - FECHA Y HORA DE LA ÚLTIMA TRANSACCIÓN
campo de control 20230410121026.0
008 - DATOS DE LONGITUD FIJA--INFORMACIÓN GENERAL
campo de control de longitud fija 060907n1997 dr spa
020 ## - NÚMERO INTERNACIONAL ESTÁNDAR DEL LIBRO
Número Internacional Estándar del Libro 0700608567
035 ## - NÚMERO DE CONTROL DEL SISTEMA
-- funglode1487
041 ## - CÓDIGO DE IDIOMA
Código de lengua del texto/banda sonora o título independiente EN
050 14 - SIGNATURA TOPOGRÁFICA DE LA BIBLIOTECA DEL CONGRESO
Número de clasificación JK 468 C968 1997
245 0# - MENCIÓN DEL TÍTULO
Título Cultural strategies of agenda denial :
Resto del título Avoidance, attack, and redefinition /
Mención de responsabilidad, etc. Edited Roger W. Cobb & Marc Howard Ross
260 ## - PUBLICACIÓN, DISTRIBUCIÓN, ETC.
Lugar de publicación, distribución, etc. New York :
Nombre del editor, distribuidor, etc. University Press Kansas,
Fecha de publicación, distribución, etc. 1997
300 ## - DESCRIPCIÓN FÍSICA
Extensión xiii, 230 p.
520 ## - RESUMEN, ETC.
Sumario, etc. Agenda setting and the denial of agenda access : Key concepts, 3. -- Denying agenda access : Strategic considerations, 25. -- Agenda denial and issue containment in the regulation of financial securities : The SEC 1933-1995, 49. -- Making professional accounting accountable : an issue doomed to fail, 70. -- The food and drug administration, 70. -- Strategies of agenda denial : Issues definition and the case of bST, 89. -- Blue smoke, mirrors, and mediators : The symbolic contest over RU 486, 112. -- Symbolic politic and health care reform in the 1940s and 1990s, 141. -- Agenda denial and water access in texas colonias, 158. -- Agenda denial as a comparative political process, 183. -- Why didn³t waldheim's past matter more? a public agenda denial in Austria, 183. -- Conclusion : Agenda denial - The power of competing cultural definitions, 203
700 ## - ENTRADA AGREGADA--NOMBRE PERSONAL
Nombre de persona Cobb, Roger W., ed. \ Ross, Marc Howard, ed
942 ## - ELEMENTOS DE ENTRADA SECUNDARIOS (KOHA)
Fuente del sistema de clasificación o colocación Clasificación de Library of Congress
Tipo de ítem Koha
Holdings
Estatus retirado Estado de pérdida Fuente del sistema de clasificación o colocación Estado de daño No para préstamo Colección Biblioteca de origen Biblioteca actual Ubicación en estantería Fecha de adquisición Serial enumeration / chronology Signatura topográfica completa Código de barras Visto por última vez Tipo de ítem Koha
    Clasificación de Library of Congress     Ciencias Sociales Biblioteca Juan Bosch Biblioteca Juan Bosch Ciencias Sociales (3er. Piso) 24/10/2018 1 JK 468 C968 1997 00000000299 24/10/2018